| 000 | 01267 a2200289 4500 | ||
|---|---|---|---|
| 003 | OSt | ||
| 005 | 20180116192349.0 | ||
| 008 | 120601t xxu||||| |||| 00| 0 eng d | ||
| 010 | _a 2009041509 | ||
| 020 | _a9780071625012 (alk. paper) | ||
| 020 | _a0071625011 (alk. paper) | ||
| 035 | _a(OCoLC)ocn459209072 | ||
| 040 | _c0 | ||
| 082 | 0 | 0 | _a720.47 |
| 100 | 1 |
_aAttmann, Osman. _93308 |
|
| 245 | 1 | 0 |
_aGreen architecture : _badvanced technologies and materials / _cOsman Attmann. |
| 260 |
_aNew York : _bMcGraw-Hill, _cc2010. |
||
| 300 |
_axiii, 352 p. : _bill. ; _c24 cm. |
||
| 490 | 1 | _aMcGraw-Hill's GreenSource series | |
| 500 | _a"A GreenSource book"--Cover. | ||
| 505 | 0 | _aCh. 1. Green Architecture: Overview -- Ch. 2. Definitions and Operationalizations of Green Architecture -- Ch. 3. Brief History of Green Architecture -- Ch. 4. Green Technologies: Energy Generation -- Ch. 5. Green Technologies: Energy Retention -- Ch. 6. Green Materials -- Ch. 7. Smart Materials -- Ch. 8. Case Studies. | |
| 650 | 1 | 0 |
_aSustainable construction. _93309 |
| 650 | 1 | 0 |
_aSustainable architecture. _93310 |
| 830 | 0 |
_aMcGraw-Hill's GreenSource series. _93311 |
|
| 942 |
_aSADA _cBK _k720.47 ATT 2010 _2ddc |
||
| 999 |
_c352877 _d352877 |
||